01808cam a2200241 i 4500020001800000020001800018082001700036245011900053260003800172300003800210504005100248520098800299650003101287650002601318650002601344650003101370650001201401650002601413650002501439700003201464700004001496700003001536 a9781788972413 a978178471076704a338.064bHAN00aHandbook on the geographies of innovation /cedited by Richard Shearmur, Christophe Carrincazeaux, David Doloreux. aMassachusettsbEdward Elgarc2016 axix, 482 pages :billustrations ; aIncludes bibliographical references and index. a"The geography of innovation is changing. First, it is increasingly understood that innovative firms and organizations exhibit a wide variety of strategies, each being differently attuned to diverse geographic contexts. Second, and concomitantly, the idea that cities, clusters and physical proximity are essential for innovation is evolving under the weight of new theorizing and empirical evidence. In this Handbook we gather 28 chapters by scholars with widely differing views on what constitutes the geography of innovation. The aim of the Handbook is to break with the many ideas and concepts that emerged during the course of the 1980s and 1990s, and to fully take into account the new reality of the internet, mobile communication technologies, personal mobility and globalization. This does not entail the rejection of well-established and supported ideas, but instead allows for a series of new ideas and authors to enter the arena and provoke debate."--Publisher's website. 0aTechnological innovations. 0aEconomic development. 7aEconomic development. 7aTechnological innovations. 7aCluster 7aTechnische Innovation 7aWirtschaftsgeografie1 aShearmur, Richard,eeditor.1 aCarrincazeaux, Christophe,eeditor.1 aDoloreux, David,eeditor.